000 00221 a2200097 4500
001 13656
100 _aPandit V L
245 _aScope of Happiness
260 _aNew Delhi
_bVikas Publishers House
_c
090 _c10650
_d10650
942 _aNUST-CAE
_cM
_c726
999 _c248729
_d248729